Sepsis neonatal y factores de riesgo asociados en los infantes : (Registro nro. 3078)

Detalles MARC
000 -LEADER
fixed length control field 01584nam a2200253 4500
005 - DATE AND TIME OF LATEST TRANSACTION
control field 20250329165417.0
007 - PHYSICAL DESCRIPTION FIXED FIELD--GENERAL INFORMATION
fixed length control field ta
008 - FIXED-LENGTH DATA ELEMENTS--GENERAL INFORMATION
fixed length control field 180709s2021 000 0 eng d
040 ## - CATALOGING SOURCE
Original cataloging agency CO-CtgCURN
Language of cataloging spa
Transcribing agency coctgcurn
082 0# - DEWEY DECIMAL CLASSIFICATION NUMBER
Classification number BAC 2021
Item number P438
100 1# - MAIN ENTRY--PERSONAL NAME
Personal name Pérez Polo, Norelcy.
245 10 - TITLE STATEMENT
Title Sepsis neonatal y factores de riesgo asociados en los infantes :
Remainder of title Una revisión de estudios colombianos /
Statement of responsibility, etc. Norelcy Pérez Polo; Greys Paola Samper Morrón.
260 ## - PUBLICATION, DISTRIBUTION, ETC.
Date of publication, distribution, etc. 2021.
260 #1 - PUBLICATION, DISTRIBUTION, ETC.
Place of publication, distribution, etc. Cartagena de Indias : :
Name of publisher, distributor, etc. Corporación Universitaria Rafael Nuñez,,
Date of publication, distribution, etc. 2021.
300 ## - PHYSICAL DESCRIPTION
Extent 20 hojas.
504 ## - BIBLIOGRAPHY, ETC. NOTE
Bibliography, etc. note Trabajo de grado (Bacteriologia). Corporación Universitaria Rafael Nuñez. Facultad de Ciencias de la salud. Bacteriologia, 2021.
520 ## - SUMMARY, ETC.
Summary, etc. "La sepsis neonatal es un síndrome de respuesta inflamatoria sistémica, en presencia o sospecha de infección en el recién nacido, confirmada al aislarse en hemocultivos o líquido cefalorraquídeo algún agente microbiano. Esto es considerado un problema de salud pública en la primera infancia, debido a las altas tasas de morbimortalidad a nivel nacional y mundial. "
650 14 - SUBJECT ADDED ENTRY--TOPICAL TERM
Topical term or geographic name entry element Bacteriologia
Form subdivision Tesis y disertaciones academicas.
700 1# - ADDED ENTRY--PERSONAL NAME
Personal name Samper Morrón, Greys Paola.
856 ## - ELECTRONIC LOCATION AND ACCESS
Uniform Resource Identifier <a href="https://unicurn.sharepoint.com/:b:/s/biblioteca/EUqnTXP_zPJEmBpLvzFra4IBjGKVybYgadwHW_UUm7lLEw?e=Ji52nq">https://unicurn.sharepoint.com/:b:/s/biblioteca/EUqnTXP_zPJEmBpLvzFra4IBjGKVybYgadwHW_UUm7lLEw?e=Ji52nq</a>
Public note Click aqui para ver el recurso en texto completo
856 7# - ELECTRONIC LOCATION AND ACCESS
Public note Click aqui para ver el recurso en texto completo
942 ## - ADDED ENTRY ELEMENTS (KOHA)
Source of classification or shelving scheme Dewey Decimal Classification
Koha item type Trabajos de grado
Classification part BAC 2021
Item part P438
Existencias
Withdrawn status Lost status Source of classification or shelving scheme Damaged status Not for loan Home library Current library Shelving location Date acquired Source of acquisition Cost, normal purchase price Total checkouts Full call number Barcode Date last seen Copy number Price effective from Koha item type
    Dewey Decimal Classification     Miguel Henríquez Emiliani Miguel Henríquez Emiliani Trabajo de grado 03/29/2025 El autor 350000.00   BAC 2021 P438 023957 06/20/2021 1 06/20/2021 Trabajos de grado